00494nam a2200133Ia 450000500170000000800410001708200140005810000250007224501230009730000140022094200120023499900190024695200950026520210429153913.0210429s9999 xx 000 0 und d a660 A465I aAltaf, Jaffar928383 aInfluence of Various Phyio-Chemical Parameters on the Adsorption of Copper Ions Using Activated Charcoal (MS-CHE-2014) a55p.29cm. 2ddccTH c561102d561102 00104070aSCMEbSCMEd2011-11-16l0o660 A465IpSCME- TH-213r2021-04-29w2021-04-29yTH